Zmierzch - Statystyki

Ogólne statystyki
  • Ten quiz został rozwiązany 377 razy
  • Średni wynik to 9 z 15
Statystyki odpowiedzi
Typ obsady Imie postaci % Poprawnych
Edward
98%
Jacob
81%
Rodzina Cullenów Alice
77%
Główny bohater Isabella
75%
Zła wampirzyca Victoria
75%
Ojciec głównej bohaterki Charlie
65%
Jasper
65%
Jasper
65%
Esme
64%
Rosalie
62%
Emmett
52%
Zły wampir James
50%
Carlise
36%
Najstarszy brat wilka Sam
36%
Ojciec głównego wilka Billy
35%
Nie znaleziono quizów pasujących do podanych kryteriów
Rozkład punktacji
Procent ludzi z każdym wynikiem
Percentyl według liczby udzielonych odpowiedzi
Twoja historia wyników
Nie rozwiązałeś tego quizu